¿Para qué vivir? La búsqueda de un sentido y un proyecto de vida trascendente.
Saved in:
| Hovedforfatter: | |
|---|---|
| Format: | Bog |
| Sprog: | engelsk |
| Udgivet: |
Santiago, Chile:
Al viento,
2020.
|
| Udgivelse: | Primera edición. |
| Fag: | |
| Tags: |
Tilføj Tag
Ingen Tags, Vær først til at tagge denne postø!
|
MARC
| LEADER | 00000nam a22000007a 4500 | ||
|---|---|---|---|
| 003 | CL-VaPUC | ||
| 005 | 20240606121746.0 | ||
| 008 | 240530t2020 ||||| |||| 00| 0 eng d | ||
| 999 | |c 443801 |d 443799 | ||
| 020 | |a 978-956-09242-4-7 | ||
| 040 | |c Pontificia Universidad Católica de Valparaíso | ||
| 082 | |2 22 |a 128 GON 2020 | ||
| 100 | |9 889157 |a González Hidalgo, Ricardo |e autor | ||
| 245 | |a ¿Para qué vivir? |b La búsqueda de un sentido y un proyecto de vida trascendente. | ||
| 250 | |a Primera edición. | ||
| 260 | |a Santiago, Chile: |b Al viento, |c 2020. | ||
| 300 | |a 179 páginas. | ||
| 500 | |a c.1 Donación P. Cristian Eichin. Facultad de Teología 30/05/2024. | ||
| 583 | |c 20240530 |k Yessy Sthefany Diaz Vidal | ||
| 650 | 0 | |9 354830 |a Sentido de la vida |x Aspectos filosóficos y religiosos | |
| 650 | 0 | |9 399283 |a Existencia humana |x Aspectos filosóficos y religiosos | |
| 942 | |2 ddc |c BK | ||
| 952 | |0 0 |1 0 |2 ddc |4 0 |6 128_000000000000000_GON_2020 |7 0 |8 A |9 594896 |a BIBTEO |b BIBTEO |d 2024-05-30 |e Donación |i 5661453 |o 128 GON 2020 |p 5661453 |r 2025-01-17 |t 1 |w 2024-05-30 |y BK |k ICR | ||